Studies on serum vitamin A level and its correlation with some nutritional factors in human ovarian cancer /
Saved in:
| 主要作者: | |
|---|---|
| 格式: | Thesis 圖書 |
| 語言: | English |
| 出版: |
1986
|
| 主題: | |
| 標簽: |
添加標簽
沒有標簽, 成為第一個標記此記錄!
|
| LEADER | 00992cam a2200313 4500 | ||
|---|---|---|---|
| 001 | u50064 | ||
| 003 | SIRSI | ||
| 008 | 870609s1986 si v 0 eng | ||
| 015 | |a X860002312 | ||
| 035 | |a AAF-3874 | ||
| 040 | |a UMM | ||
| 050 | 1 | |a RC280.O8 | |
| 090 | 0 | 0 | |a RC280 |b O8Ma |
| 100 | 1 | 0 | |a Ma, Chi Wan |
| 245 | 1 | 0 | |a Studies on serum vitamin A level and its correlation with some nutritional factors in human ovarian cancer / |c by Ma Chi Wan |
| 260 | |c 1986 | ||
| 300 | |a xiii, 150 leaves : |b ill. ; |c 30cm | ||
| 502 | |a Dissertation (M.Sc.) -- National University of Singapore, 1986 | ||
| 504 | 0 | 0 | |a Bibliography: leaves 129-145 |
| 650 | 0 | |a Ovaries |x Cancer |x Nutritional aspects | |
| 650 | 0 | |a Blood |x Analysis | |
| 650 | 0 | |a Vitamin A | |
| 650 | 0 | |a Selenium | |
| 650 | 0 | |a Blood cholesterol | |
| 984 | |c Closed stacks f RC280.O8Ma@101018302F | ||
| 998 | 0 | 0 | |a UMM |
| 948 | |a 16/03/1991 |b 03/09/2001 | ||
| 596 | |a 1 | ||
| 999 | |a RC280 O8MA |w LC |c 1 |i A010183027 |l STACKS |m P01UTAMA |r Y |s Y |t TESIS |u 23/4/1992 | ||
